Advanced Technological Interventions in Agriculture and Allied Sectors for Livelihood Improvement/ edited by Pankaj Kumar, Santosh Kumar, Abhay Kumar (Record no. 52275)

MARC details
000 -LEADER
fixed length control field 00678nam a22001817a 4500
003 - CONTROL NUMBER IDENTIFIER
control field OSt
008 - FIXED-LENGTH DATA ELEMENTS--GENERAL INFORMATION
fixed length control field 260624b |||||||| |||| 00| 0 eng d
020 ## - INTERNATIONAL STANDARD BOOK NUMBER
International Standard Book Number 9789390425037
082 ## - DEWEY DECIMAL CLASSIFICATION NUMBER
Classification number 630.2084
Item number K96A
245 ## - TITLE STATEMENT
Title Advanced Technological Interventions in Agriculture and Allied Sectors for Livelihood Improvement/ edited by Pankaj Kumar, Santosh Kumar, Abhay Kumar
260 ## - PUBLICATION, DISTRIBUTION, ETC. (IMPRINT)
Place of publication, distribution, etc New Delhi:
Name of publisher, distributor, etc International Books & Periodicals Supply Service,
300 ## - PHYSICAL DESCRIPTION
Extent xi, 324 p.
650 ## - SUBJECT ADDED ENTRY--TOPICAL TERM
Topical term or geographic name as entry element Agriculture and Related Technologies | Technology (Applied Sciences) | Agriculture
700 ## - ADDED ENTRY--PERSONAL NAME
Personal name Kumar, Pankaj
700 ## - ADDED ENTRY--PERSONAL NAME
Personal name Kumar, Santosh
700 ## - ADDED ENTRY--PERSONAL NAME
Personal name Kumar, Abhay
942 ## - ADDED ENTRY ELEMENTS (KOHA)
Source of classification or shelving scheme
Koha item type Books
Holdings
Withdrawn status Lost status Source of classification or shelving scheme Damaged status Not for loan Home library Current library Shelving location Date acquired Source of acquisition Cost, normal purchase price Total Checkouts Full call number Barcode Date last seen Bill Date Koha item type Bill Number
          Dr. Rajendra Prasad Central Agricultural University Pusa, Dr. Rajendra Prasad Central Agricultural University Pusa, General Stacks 24/06/2026 Today & Tomorrow Printers and Publishers 3450.00   630.2084 K96A 87111 24/06/2026 29/01/2026 Books Bill No. IN-00449
Hosted, Implemented, Customized & Maintained by: BestBookBuddies

Powered by Koha